Les plus gros transferts du football - Milieux défensifs - 2023-2024 - Statistiques

Statistiques générales
  • Ce quiz a été pris 51 fois
  • Le résultat moyen est 8 sur 10
Statistiques - réponses
Montant de transfert (M €) Nationalité Venant de Allant à Joueur % Correct
116,60 Angleterre West Ham United Arsenal Declan Rice
100%
60,00 Uruguay Sporting CP Paris SG Manuel Ugarte
94%
64,00 Italie AC Milan Newcastle United Sandro Tonali
94%
46,70 Brésil Liverpool Al-Ittihad Fabinho
92%
55,00 Portugal Wolverhampton Al-Hilal Rúben Neves
88%
116,00 Équateur Brighton Chelsea Moisés Caicedo
83%
62,10 Belgique Southampton Chelsea Roméo Lavia
65%
36,40 Itale Sassuolo Juventus Turin Manuel Locatelli
54%
38,00 Mexique Ajax West Ham United Edson Álvarez
48%
35,00 Côte d'ivoire PSV Eindhoven Nottingham Forest Ibrahim Sangaré
38%
Aucun quiz correspondant
Distribution des résultats
% des personnes avec chaque résultat
Percentile par nombre de réponses
Votre historique - résultats
Vous n’avez pas pris ce quiz